History Quiz

Random History or Country Quiz
Score 0/50 Timer 05:00
12 Plays Today
% Correct
Franklin D. Roosevelt
94.9%
Angela Merkel
93.8%
Vladimir Putin
91.7%
Charles de Gaulle
91.4%
Joseph Stalin
90.9%
Boris Yeltsin
90.4%
Nikita Khrushchev
89.6%
James Madison
89.6%
Benjamin Harrison
87.1%
Helmut Kohl
87.1%
Silvio Berlusconi
87.1%
François Mitterrand
87%
Rutherford B. Hayes
86.4%
Jacques Chirac
85.2%
Antonio Segni
85%
Giorgio Napolitano
84.9%
Erich Honecker
83.9%
Mao Zedong
83.2%
Xi Jinping
83%
Hideki Tōjō
82.4%
Enrico De Nicola
82.1%
John Major
81.9%
Walter Ulbricht
81%
Luigi Einaudi
80.3%
Millard Fillmore
80.1%
% Correct
Itō Hirobumi
80.1%
Konstantin Chernenko
79.3%
Deng Xiaoping
78.8%
Konrad Adenauer
78.7%
Kim Dae-jung
78.5%
Yoshihiko Noda
77.6%
Nicolas Sarkozy
76.9%
Park Geun-hye
75%
William Ewart Gladstone
74.6%
Yun Bo-seon
74.5%
Georges Pompidou
74.1%
Lee Myung-bak
73.7%
Robert Walpole
73.3%
Arthur Wellesley
73.2%
Alexander Mackenzie
71.3%
Shigeru Yoshida
70.6%
Jiang Zemin
70.4%
Clement Attlee
69.2%
Stephen Harper
68.6%
John A. Macdonald
68.3%
Hu Jintao
64.1%
Naoto Kan
59.7%
Kim Campbell
57.2%
Louis St. Laurent
54.8%
Syngman Rhee
54.3%
Remove Ads.
Support Sporcle.
Get the best of Sporcle when you Go Orange. This ad-free experience offers more features, more stats, and more fun while also helping to support Sporcle. Thank you for becoming a member.

You're not logged in!

Compare scores with friends on all Sporcle quizzes.
OR
Log In

Show Comments

Extras

Top Quizzes Today


Score Distribution

Your Account Isn't Verified!

In order to create a playlist on Sporcle, you need to verify the email address you used during registration. Go to your Sporcle Settings to finish the process.

Report this User

Report this user for behavior that violates our Community Guidelines.

Details: